000 00461nam a2200145Ia 4500
008 191111s9999 xx 000 0 und d
020 _a9780323431316
100 _aLoBiondo-Wood, Geri.
245 _cGeri LoBiondo-Wood.--
_aNursing research :
_bmethods and critical appraisal for evidence- based practice /
250 _a9th ed
260 _aUSA :
_bElsevier
_c2018
300 _axviii, 531 pages.
650 _aNurse
650 _aNursing -- study and teaching
999 _c362617
_d362617